Antropología portátil / (Registro nro. 14122)

Detalles MARC
000 -LEADER
fixed length control field 03471nam a2200289 a 4500
001 - CONTROL NUMBER
control field
003 - CONTROL NUMBER IDENTIFIER
control field DO-SdBNP
005 - DATE AND TIME OF LATEST TRANSACTION
control field 20220330091129.0
007 - PHYSICAL DESCRIPTION FIXED FIELD--GENERAL INFORMATION
fixed length control field ta
008 - FIXED-LENGTH DATA ELEMENTS--GENERAL INFORMATION
fixed length control field 110214s 2001 dr r 000 0 spa d
020 ## - INTERNATIONAL STANDARD BOOK NUMBER
International Standard Book Number 9993430218
040 ## - CATALOGING SOURCE
Original cataloging agency DO-SdBNP
Language of cataloging spa
Transcribing agency BPMSU
082 #4 - DEWEY DECIMAL CLASSIFICATION NUMBER
Classification number 306.097293
Item number V443a 2001
Edition number 22
100 1# - MAIN ENTRY--PERSONAL NAME
Personal name Veloz Maggiolo, Marcio,
Dates associated with a name 1936-2021
245 10 - TITLE STATEMENT
Title Antropología portátil /
Statement of responsibility, etc. Marcio Veloz Maggiolo.
260 ## - PUBLICATION, DISTRIBUTION, ETC. (IMPRINT)
Place of publication, distribution, etc. Santo Domingo :
Date of publication, distribution, etc. 2001.
300 ## - PHYSICAL DESCRIPTION
Extent 262 p. ;
Dimensions 28 cm.
490 0# - SERIES STATEMENT
Series statement Banco Central de la República Dominicana
-- Ciencias sociales
Volume/sequential designation 39/7
--
500 ## - GENERAL NOTE
General note Incluye datos biográficos del autor en la solapa de la cubierta
505 0# - FORMATTED CONTENTS NOTE
Formatted contents note La especie humana 11 -- Escritura y antropología 15 -- Modos de hacer la historia 19 -- Dónde insertar El Caribe 23 -- La arqueología como historia 27 -- La memoria en el tiempo 31 -- El surgimiento de la vida agrícola en el Viejo Mundo 35 -- El surgimiento de la vida agrícola en América 39 -- Antropología del asentamiento 43 -- Distribución de espacios en los asentamientos pre-urbanos en las Antillas Precolombinas 45 -- Ecología y antropología: La Sabana 53 -- La vida en lo parques nacionales 57 -- La historia antigua y Parques nacionales 61 -- El Parque Nacional del Este y la floresta como laboratorio 65 -- El espacio en los asentamientos indios 69 -- Antropología de los tiestos 73 -- Antropología de los huesos 77 -- El Gourmet precolombino 79 -- Pipas indígenas de Santo Domingo y Puerto Rico 83 -- Los Taínos, su arte y su desarrollo social 87 -- El ritual de la Cohoba en nuestros días 93 -- El señor yucador 97 -- Lo macho y lo hembra en el Arte precolombino antillano 99 -- Punta Cana: los primeros agricultores 103 -- El ritual de las hamacas 107 -- Antropología y canibalismo 109 -- Polen de Zamia en la historia antigua de las Antillas 113 -- Notas sobre la Zamia en la prehistoria del Caribe 121 -- El Paraíso de la fermen tación 133 -- Labat: un menú antropológico 135 -- Entre el Aje y la Batata 139 -- Convivieron los Taínos y los Caribes? 143 -- Los cemíes o ídolos de algodón entre los Caribes 145 -- De dónde viene lo autóctono 147 -- El síndrome de la primacía 153 -- La Isabela: antropología de vida y muerte 157 -- Yerbas y semillas nutritivas 167 -- El rito de comer tierra 169 -- El sabor de la tierra 171 -- Canología del perro realengo 173 -- Antropología del ruido 177 -- Discruso sobre la ciencia inútil 181 -- Lengua e identidad 183 -- Neoliberalismo e identidades 187 -- Quíbor y la virgen de la Altagracia 191 -- La verdad sobre la Vieja Belén 195 -- El médico botánico criollo 199 -- Las nominaciones del diablo 201 -- Visión francesa del Santo Domingo católico 207 -- La antropología del cimarrón 211 -- El Estado dominicano, mito y cefalalgia 215 -- Mujer y antropología 221 -- El Potlach: una fiesta tribal de la abundancia 225 -- Haití: dicotomías y coincidencias 229 -- Razones para un Himno Nacional bailable 235 -- El barrio como materia prima 241 -- Trujillo, la garra del tigre 245 -- La muerte como una moda 249 -- Pulpería y ventorrillo, tarantines y fritangas 255 -- Andrés L. Mateo o la interdominicanidad 259
590 ## - LOCAL NOTE (RLIN)
Local note Inventariado,2022/VM
650 #4 - SUBJECT ADDED ENTRY--TOPICAL TERM
Topical term or geographic name as entry element Antropología
Geographic subdivision República Dominicana
650 #4 - SUBJECT ADDED ENTRY--TOPICAL TERM
Topical term or geographic name as entry element Indios de Santo Domingo
General subdivision Historia
Chronological subdivision Época precolombina, hasta 1492.
710 2# - ADDED ENTRY--CORPORATE NAME
Corporate name or jurisdiction name as entry element Banco Central de la República Dominicana,
910 ## - USER-OPTION DATA (OCLC)
User-option data VMateo V.
942 ## - ADDED ENTRY ELEMENTS (KOHA)
Source of classification or shelving scheme Dewey Decimal Classification
Koha item type Libros
Existencias
Withdrawn status Lost status Source of classification or shelving scheme Damaged status Not for loan Collection code Home library Current library Date acquired Source of acquisition Total Checkouts Full call number Barcode Date last seen Price effective from Koha item type
    Dewey Decimal Classification     Colección Dominicana Biblioteca Pública Metropolitana Salomé Ureña Biblioteca Pública Metropolitana Salomé Ureña 03/30/2022 Compra   BPMSU CD 306.097293 V443a 2001 BPMSU22030126 03/30/2022 03/30/2022 Libros